000 00557pab a2200181 454500
008 180718b2008 xxu||||| |||| 00| 0 eng d
100 _aAvey, James B.
245 _aCan positive employees help positive organizational change? Impact of psychological capital and emotions on relevant attitudes and behaviors
260 _c2008
300 _ap.48-70.
362 _aMar
650 _aOrganizational change
700 _aLuthans, Fred
700 _aWernsing, Tara S.
773 _aJournal of Applied Behavioral Science
908 _aN
909 _a77575
999 _c77575
_d77575